Математическое моделирование в технической физике: электронный курс

Detaylı Bibliyografya
Yazar: Блейхер Г. А. Галина Алексеевна
Müşterek Yazar: Национальный исследовательский Томский политехнический университет Физико-технический институт Кафедра экспериментальной физики
Özet:Заглавие с экрана
Целью курса является знакомство студентов с методами математического моделирования процессов, происходящих в плазме и в веществе при воздействии на него потоков плазмы и пучков заряженных частиц. Формирование навыков математической постановки задач в области физики плазмы и воздействия потоков излучения на вещество, разработки алгоритмы их решения, построения компьютерных моделей.
Доступ по логину и паролю
Dil:Rusça
Baskı/Yayın Bilgisi: Томск, TPU Moodle, 2017
Konular:
Online Erişim:https://design.lms.tpu.ru/course/view.php?id=1794
Materyal Türü: Elektronik Kitap
KOHA link:https://koha.lib.tpu.ru/cgi-bin/koha/opac-detail.pl?biblionumber=666924

MARC

LEADER 00000nlm0a2200000 4500
001 666924
005 20240115141056.0
035 |a (RuTPU)RU\TPU\network\38128 
035 |a RU\TPU\network\17328 
090 |a 666924 
100 |a 20220207d2017 m y0rusy50 ca 
101 0 |a rus 
102 |a RU 
105 |a a j 000zy 
135 |a jrcn ---uucaa 
181 0 |a i  
182 0 |a b 
200 1 |a Математическое моделирование в технической физике  |e электронный курс  |f Г. А. Блейхер  |g Национальный исследовательский Томский политехнический университет, Физико-технический институт, Кафедра экспериментальной физики 
203 |a Текст  |c электронный 
210 |a Томск  |c TPU Moodle  |d 2017 
300 |a Заглавие с экрана 
330 |a Целью курса является знакомство студентов с методами математического моделирования процессов, происходящих в плазме и в веществе при воздействии на него потоков плазмы и пучков заряженных частиц. Формирование навыков математической постановки задач в области физики плазмы и воздействия потоков излучения на вещество, разработки алгоритмы их решения, построения компьютерных моделей. 
333 |a Доступ по логину и паролю 
606 1 |a Математическая физика  |x Математическое моделирование  |2 stltpush  |3 (RuTPU)RU\TPU\subj\17072  |9 42911 
610 1 |a электронный ресурс 
610 1 |a труды учёных ТПУ 
610 1 |a электронное обучение 
610 1 |a электронные курсы ТПУ 
610 1 |a электронные учебные пособия 
610 1 |a численное дифференцирование 
610 1 |a системы уравнений 
610 1 |a гидродинамические модели 
610 1 |a газодинамические модели 
610 1 |a магнитогидродинамические модели 
610 1 |a разностные схемы 
610 1 |a функции распределения 
610 1 |a численные модели 
675 |a 53:51(075.8)  |v 3 
700 1 |a Блейхер  |b Г. А.  |c физик  |c профессор Томского политехнического университета, доктор физико-математических наук  |f 1961-  |g Галина Алексеевна  |3 (RuTPU)RU\TPU\pers\28948  |9 13681 
712 0 2 |a Национальный исследовательский Томский политехнический университет  |b Физико-технический институт  |b Кафедра экспериментальной физики  |3 (RuTPU)RU\TPU\col\21255 
801 2 |a RU  |b 63413507  |c 20220714  |g RCR 
856 4 |u https://design.lms.tpu.ru/course/view.php?id=1794 
942 |c CF